KOHA-Header-6

Artificial Intelligence: Applications and Innovations (Record no. 13802)

000 -LEADER
fixed length control field 00354nam a22001217a 4500
020 ## - INTERNATIONAL STANDARD BOOK NUMBER
ISBN 9781032305554
082 ## - DEWEY DECIMAL CLASSIFICATION NUMBER
Classification number 006.3
100 ## - MAIN ENTRY--AUTHOR NAME
Personal name Rashmi Priyadarshini ; R M Mehra ; Amit Sehgal ; Prabhu Jyot Singh
245 ## - TITLE STATEMENT
Title Artificial Intelligence: Applications and Innovations
260 ## - PUBLICATION, DISTRIBUTION, ETC. (IMPRINT)
Place of publication New York
Name of publisher CRC Press
Year of publication 2023
300 ## - PHYSICAL DESCRIPTION
Number of Pages xxiii, 276 pages
942 ## - ADDED ENTRY ELEMENTS (KOHA)
Koha item type Books
Holdings
Withdrawn status Lost status Collection code Permanent Location Current Location Shelving location Date acquired Full call number Accession Number Koha item type
    Computer Networking MAJU MAJU Shelf No.A33 2023-10-12 006.3 10894 Books

Powered by Koha